क्‍लार्कग्रड परीक्षा (Record no. 21670)

MARC details
000 -LEADER
fixed length control field 00439nam a2200145Ia 4500
008 - FIXED-LENGTH DATA ELEMENTS--GENERAL INFORMATION
fixed length control field 220531s9999 xx 000 0 und d
041 ## - LANGUAGE CODE
Language code of text/sound track or separate title mar
100 ## - MAIN ENTRY--PERSONAL NAME
Personal name सूर्यवंशी शुभांगी
9 (RLIN) 35302
245 ## - TITLE STATEMENT
Title क्‍लार्कग्रड परीक्षा
260 ## - PUBLICATION, DISTRIBUTION, ETC. (IMPRINT)
Name of publisher, distributor, etc. Dastane
Date of publication, distribution, etc. 1995
542 ## - INFORMATION RELATING TO COPYRIGHT STATUS
Copyright holder 30-07-1997
650 ## - SUBJECT ADDED ENTRY--TOPICAL TERM
Topical term or geographic name as entry element Competitive exam
9 (RLIN) 35303
906 ## - LOCAL DATA ELEMENT F, LDF (RLIN)
d 1997-1998
f 5230
Holdings
Withdrawn status Lost status Source of classification or shelving scheme Damaged status Not for loan Home library Current library Date acquired Vendor Cost, normal purchase price Total Checkouts Total Holds Full call number Barcode Date last seen Bill Date Koha item type Original Barcode
    Dewey Decimal Classification     Shri Siddhivinayak Mahila Mahavidyalaya Shri Siddhivinayak Mahila Mahavidyalaya 30/07/1997 Varma 50.00   1 /-/B/2651 SSMM-BK-2651 06/08/2022 06/08/2022 Books 010002651